00479nam a2200145Ia 4500082001200000100001800012245007300030260006200103300001400165504002600179650002500205650004200230650004300272710001800315 aTH.0077 aHanda, Pankaj 0aJob involvement and quality of life of senior managers in industries aLucknowc2011bGautam Buddh Technical University, Lucknow axiii, 142 aincludes bibliography aIndustrial relations aQuality of lifevIndustrial relations aQuality of work lifevJob satisfaction aGupta, Naveen